Statistiken für Österreichische Städte Karten-Quiz

Klicken Sie hier um das Quiz zu spielen!

Allgemein

  • Dieses Quiz wurde 493 mal gespielt
  • Das Durchschnittsergebnis liegt bei 9 aus 12

Antworten auf der Karte

Die Antworten werden auf der Karte rot bzw. grün angezeigt, abhängig davon wie oft sie richtig erraten wurden.
 

Antwortstatistiken

Antwort% Korrekt
Wien
95%
Salzburg
92%
Innsbruck
88%
Bregenz
85%
Graz
82%
Eisenstadt
78%
Sankt Pölten
77%
Linz
76%
Villach
75%
Klagenfurt
(Wörthersee)
70%
Steyr
62%
Wels
47%

Verteilung der Resultate

Perzentil nach korrekt beantworteten Fragen

Anzahl Personen mit jedem Resultat

Ihre Resultats-Entwicklung

Sie haben dieses Quiz noch nicht gespielt